书目信息 |
| 书名: | The Cambridge companion to Tennessee Williams = | |
| 作者: | edited by Matthew C. RoudanE. | |
| 分册号: | ||
| 分册名: | 出版地: | 上海 : |
|
| 出版社: | 上海外语教育出版社 | |
| 出版时间: | 2000. | |
| 页数: | xxiv, 277 p. : | |
| 开本: | 22 cm. | |
| 丛书名: | 剑桥文学指南 | |
| 中图分类号: | ||
| 科图分类号: | ||
| 其他分类号: | I712.065:H31 | |
| 主题词: | ||
| 电子资源: | ||
| 000 | 02276nam 2200313 a 4500 | |
| 001 | E0757274815 | |
| 005 | 20070307155742.56 | |
| 008 | 010618r20001997cc a b 001 0 eng d | |
| 020 | @a7810469886. | |
| 020 | @z0521498834 (paperback). | |
| 020 | @a0521495334 (hardback) :@cCNY18.70. | |
| 040 | @aPFT@bchi | |
| 043 | @an-us--- | |
| 050 | 00 | @aPS3545.I5365@bZ614 1997 |
| 082 | 00 | @a812/.54 @2 21 |
| 090 | @aI712.065:H31 | |
| 099 | @dI712.065:H31@ex84 | |
| 245 | 04 | @aThe Cambridge companion to Tennessee Williams = :@b田纳西·威廉斯 / @cedited by Matthew C. RoudanE. |
| 246 | 30 | @a田纳西·威廉斯 |
| 260 | @a上海 :@b上海外语教育出版社,@c2000. | |
| 300 | @axxiv, 277 p. :@bill. ;@c22 cm. | |
| 440 | 0 | @a剑桥文学指南 |
| 500 | @aReprint. Originally published: Cambridge : Cambridge University Press,1997. | |
| 504 | @aIncludes bibliographical references (p. 265-271) and index. | |
| 505 | 00 | @tIntroduction /@rMatthew C. Roudan鈋 --@tEarly Williams: the making of a playwright /@rAllean Hale --@tEntering The Glass Menagerie /@rC.W.E. Bigsby --@tStreetcar running fifty years /@rFelicia Hardison Londre --@tCamino Real: Williams's allegory about the fifties /@rJan Balakian --@tWriting in "a place of stone": Cat on a Hot Tin Roof /@rAlbert J. Devlin --@tBefore the fall - and after: Summer and Smoke and The Night of the Iguana /@rThomas P. Adler --@tSacrificial stud and the fugitive female in Suddenly Last Summer, Orpheus Descending, and Sweet Bird of Youth /@rJohn M. Clum --@tRomantic textures in Tennessee Williams's plays and short stories /@rNancy M. Tischler --@tCreative rewriting: European and American influences on the dramas of Tennessee Williams /@rGilbert Debusscher --@tSeeking direction /@rBrenda Murphy --@tHollywood in crisis: Tennessee Williams and the evolution of the adult film /@rR. Barton Palmer --@tTennessee Williams: the last two decades /@rRuby Cohn --@tWords on Williams: a bibliographic essay /@rJacqueline O'Connor --@tStrangest Kind of Romance: Tennessee Williams and his Broadway critics /@rJacqueline O'Connor. |
| 600 | 10 | @aWilliams, Tennessee,@d1911-1983@xCriticism and interpretation. |
| 651 | 0 | @aSouthern States@xIn literature. |
| 700 | 1 | @aRoudan鈋, Matthew Charles,@d1953- |
| 920 | @a232010@z1 | |
| The Cambridge companion to Tennessee Williams = : : 田纳西·威廉斯 / / edited by Matthew C. RoudanE.-上海 : : 上海外语教育出版社, , 2000. |
| xxiv, 277 p. : : ill. ; ; 22 cm.- (剑桥文学指南 ) |
| Reprint. Originally published: Cambridge : Cambridge University Press,1997.-Includes bibliographical references (p. 265-271) and index. |
| ISBN 7810469886. |
| ● |
| 相关链接 |
|
|
|
|
正题名:Cambridge companion to Tennessee Williams =
索取号:I712.065:H31/x84
 
预约/预借
| 序号 | 登录号 | 条形码 | 馆藏地/架位号 | 状态 | 备注 |
| 1 | 0000823 | 300008239 | 第二样本阅览室/ [索取号:I712.065:H31/x84] | 在馆 | |
| 2 | 0000824 | 300008248 | 第四借阅区/ [索取号:I712.065:H31/x84] | 在馆 | |
| 3 | 0000825 | 300008257 | 第四借阅区/ [索取号:I712.065:H31/x84] | 在馆 | |
| 4 | 0000826 | 300008266 | 第四借阅区/ [索取号:I712.065:H31/x84] | 在馆 | |
| 5 | 0000827 | 300008275 | 第四借阅区/ [索取号:I712.065:H31/x84] | 在馆 | |
| 6 | 0000828 | 300008284 | 第四借阅区/ [索取号:I712.065:H31/x84] | 在馆 | |
| 7 | 0000829 | 300008293 | 第四借阅区/ [索取号:I712.065:H31/x84] | 在馆 | |
| 8 | 0000830 | 300008300 | 第四借阅区/ [索取号:I712.065:H31/x84] | 在馆 | |
| 9 | 0000831 | 300008319 | 第四借阅区/ [索取号:I712.065:H31/x84] | 在馆 | |
| 10 | 0000832 | 300008328 | 第四借阅区/ [索取号:I712.065:H31/x84] | 在馆 |